Top 25 Best Selling Pro Hockey Jerseys 2013 - Statistics

General Stats
  • This quiz has been taken 1,720 times
  • The average score is 17 of 25
Answer Stats
Rank Jersey Number Team Answer % Correct
3. 87 (C) Pittsburgh Penguins Sidney Crosby
99%
2. 19 (C) Chicago Blackhawks Jonathan Toews
92%
9. 8 Washington Capitals Alexander Ovechkin
91%
21. 88 Chicago Blackhawks Patrick Kane
91%
13. 71 (A) Pittsburgh Penguins Evgeni Malkin
89%
1. 28 (C) Philadelphia Flyers Claude Giroux
84%
8. 33 (C) Boston Bruins Zdeno Chara
84%
19. 91 Tampa Bay Lightning Steven Stamkos
80%
6. 58 Pittsburgh Penguins Kris Letang
74%
7. 19 (C) San Jose Sharks Joe Thornton
73%
11. 13 (A) Detroit Red Wings Pavel Datsyuk
70%
16. 40 (C) Detroit Red Wings Henrik Zetterberg
68%
25. 81 Chicago Blackhawks Marian Hossa
66%
24. 32 Los Angeles Kings Jonathan Quick
64%
18. 19 Washington Capitals Nicklas Backstrom
64%
17. 30 New York Rangers Henrik Lundqvist
60%
15. 10 (A) Chicago Blackhawks Patrick Sharp
59%
10. 91 St. Louis Blues Vladimir Tarasenko
53%
22. 8 (A) Anaheim Ducks Teemu Selanne
51%
4. 24 (C) New York Rangers Ryan Callahan
46%
12. 17 (A) Vancouver Canucks Ryan Kesler
44%
23. 74 St. Louis Blues TJ Oshie
44%
20. 19 Boston Bruins Tyler Seguin
43%
5. 18 Pittsburgh Penguins James Neal
41%
14. 19 (A) New York Rangers Brad Richards
34%
No matching quizzes found
Score Distribution
Percent of People with Each Score
Percentile by Number Answered
Your Score History
You have not taken this quiz